书目信息 |
| 题名: |
待人好
|
|
| 作者: | 星云, 著 | |
| 分册: | ||
| 出版信息: | 北京 现代出版社 2015 |
|
| 页数: | 295页 | |
| 开本: | 24cm | |
| 丛书名: | 星云大师妙谈人生 | |
| 单 册: | ||
| 中图分类: | B948-49 | |
| 科图分类: | ||
| 主题词: | 佛教--fo jiao--人生哲学--通俗读物 | |
| 电子资源: | ||
| ISBN: | 978-7-5143-3118-9 | |
| 000 | 00963nam0 22002531 450 | |
| 001 | 0124140101 | |
| 005 | 20170324140101.0 | |
| 010 | @a978-7-5143-3118-9@dCNY39.00 | |
| 100 | @a20150515d2015 em y0chiy50 ea | |
| 101 | 0 | @achi |
| 102 | @aCN@b110000 | |
| 105 | @ay z 000yy | |
| 106 | @ar | |
| 200 | 1 | @a待人好@9dai ren hao@f星云大师著 |
| 210 | @a北京@c现代出版社@d2015 | |
| 215 | @a295页@d24cm | |
| 225 | 2 | @a星云大师妙谈人生@9xing yun da shi miao tan ren sheng |
| 330 | @a本书中,星云大师用佛法的机锋妙语,将修持人生的智慧娓娓道来,主题包括护生、财富、青少年教育、女性、家庭、信仰等,为大家开解实际生活中的种种问题与疑惑。大师认为实现人生圆满要靠种种因缘的成就,这就需要激发我们的惭愧心、感恩心来办好事、结好缘,也就是要待人好。 | |
| 461 | 0 | @12001^@a星云大师妙谈人生 |
| 606 | 0 | @a佛教@9fo jiao@x人生哲学@j通俗读物 |
| 690 | @aB948-49@v5 | |
| 701 | 0 | @a星云,@9xing yun ,@4著 |
| 801 | 0 | @aCN@bTANGWEI@c20170308 |
| 905 | @b0961337-9@dB948-49@e390@f3 | |
| 待人好/星云大师著.-北京:现代出版社,2015 |
| 295页;24cm.-(星云大师妙谈人生) |
| ISBN 978-7-5143-3118-9:CNY39.00 |
| 本书中,星云大师用佛法的机锋妙语,将修持人生的智慧娓娓道来,主题包括护生、财富、青少年教育、女性、家庭、信仰等,为大家开解实际生活中的种种问题与疑惑。大师认为实现人生圆满要靠种种因缘的成就,这就需要激发我们的惭愧心、感恩心来办好事、结好缘,也就是要待人好。 |
| ● |
| 相关链接 |
|
|
|
|
正题名:待人好
索取号:B948-49/390
 
预约/预借
| 序号 | 登录号 | 条形码 | 馆藏地/架位号 | 状态 | 备注 |
| 1 | 0961337 | 209613373 | 不外借—密集书库/ [索取号:B948-49/390] | 在馆 | |
| 2 | 0961338 | 209613382 | 不外借—密集书库/ [索取号:B948-49/390] | 在馆 | |
| 3 | 0961339 | 209613391 | 不外借—密集书库/ [索取号:B948-49/390] | 在馆 |